000 00905nmm a2200277 a 4500
001 ocm0001231962
003 TR-IsHL
005 20201028155613.0
008 150709s2015 tu tur
007 cr cn
020 _a9786059960199
035 _a1231962
_b(N$T)
050 0 4 _aPL240
_b.K373 2015
090 0 4 _aPL240
_b.K373 2015
100 1 _aKarabacak, Ahmet B.
245 1 0 _aGemi: 20. yüzyıl hikayeleri
_h[electronic resource] /
_cAhmet B. Karabacak ; Edip Kemâl
260 _aİstanbul :
_bBilgeoğuz Yayınları,
_c2015
300 _a94 p.
650 4 _aDil ve Edebiyat
650 4 _aLanguage and Literature
650 0 _aKısa öyküler, Türk
650 0 _aShort stories, Turkish
650 7 _aLITERARY COLLECTIONS / Middle Eastern
_2bisacsh
700 1 _aKemal, Edip
856 4 0 _uhttp://search.ebscohost.com/login.aspx?direct=true&scope=site&db=e011xww&AN=1231962
999 _c13169
_d13169